Malestar social y desigualdades en Chile

Kaydedildi:
Detaylı Bibliyografya
Yazar: Vera Gajardo, Antonieta (Yazar)
Materyal Türü: Kitap
Dil:İspanyolca
Baskı/Yayın Bilgisi: Santiago Universidad Alberto Hurtado 2017
Edisyon:1a. ed
Seri Bilgileri:Colección CISOC Cultura y Sociedad
Konular:
Etiketler: Etiketle
Etiket eklenmemiş, İlk siz ekleyin!

MARC

LEADER 00000cam a2200000 a 4500
001 UCC0130
003 CL-VaPUC
008 170721e20170000cl |||||||||||||||||spa|d
020 |a 9789563571011 
082 0 4 |a 339.21  |b VER  |2 21 
100 0 |a Vera Gajardo, Antonieta  |e author  |9 594058 
245 1 0 |a Malestar social y desigualdades en Chile 
250 |a 1a. ed 
300 |a 280 p 
942 |c BK 
945 |d 20170721 23:47:00  |a dcastane 
260 |a Santiago  |b Universidad Alberto Hurtado  |c 2017 
650 7 |a MALESTAR SOCIAL  |2 CL-VaPUC  |9 594059 
650 0 |a Desigualdad social  |9 349409 
650 0 |a Problemas sociales  |9 258537 
583 |a last modification  |c 20170721 23:47:00  |k Rodrigo Vera 
490 0 |a Colección CISOC Cultura y Sociedad 
999 |c 369074  |d 369072 
952 |0 0  |1 0  |3 erb  |4 0  |6 339_210000000000000_VER_2017  |7 0  |8 A  |9 484620  |a BIBTEO  |b BIBTEO  |i 5410487  |o 339.21 VER 2017  |p 5410487  |r 2025-01-17  |w 2019-11-24  |y BK  |z Catalogado en:20170721  |k ICR